Responses for Show #8746 - Monday, November 21, 2022

2022 Tournament of Champions final game 6.

Contestants

[<< previous game]

Sam Buttrey, an associate professor of operations research at the Naval Postgraduate School from Pacific Grove, California

Andrew He, a software developer from San Francisco, California

Amy Schneider, a writer from Oakland, California

[next game >>]

Jeopardy! Round responses

WELCOME TO THE NEW MILLENNIUM
SPORTS
ABBREVIATED JOBS
GESTURES
WRITERS & THEIR WORKS
NUMERICAL TERMS
    $200 29
Tesla

Sam
    $200 25
(Sam: What is shortstop?)

center field

AndrewSam
    $200 19
district attorney

Andrew
    $200 27
yoga

Amy
    $200 13
Little Women

Andrew
    $200 30
(Sam: NUMERIC for $200, please.)
(Ken: I will bring it.)
[Laughter]

5 o'clock shadow

Sam
    $400 28
Munch

Andrew
    $400 24
(Sam: Who are the Las [*]?)
[Accepted without remark]

Vegas Golden Knights

Sam
    $400 18
assistant director

Amy
    $400 26
I love you

Sam
    $400 1
L'Engle

Andrew
    $400 11
a three-peat

Amy
    $600 21
SARS

Andrew
    $600 22
(Conor) McGregor

Amy
    $600 17
certified financial planner

Amy
    $600 23
victory

Sam
    $600 12
The Power Broker

Sam
    $600 9
Six Degrees of Separation

Sam
    $800 20
(Sam: What is Flight 91?)

(United) Flight 93

AmySam
    $800 3
Poland

Andrew
    $800 16
human resources manager

Amy
    $800 15
gloves

Amy
    $2,600 10
(Sam: Who's Baldwin?)

Ralph Ellison

Sam
    $800 7
54-40

Amy
    $1000 4
Queen Elizabeth, The Queen Mother

Sam
    $1000 5
(Elgin) Baylor

Andrew
    $1000 2
speech & language pathologist

Sam
    $1000 14
the evil eye

Amy
    $1000 6
Gogol

Andrew
    $1000 8
goody two-shoes

Andrew

Scores at the first commercial break (after clue 15):

Amy Andrew Sam
$3,000 $4,400 $600

Scores at the end of the Jeopardy! Round:

Amy Andrew Sam
$6,400 $5,800 $1,400

Double Jeopardy! Round responses

BODIES OF WATER
FILMS BY TAGLINE
LET'S DO THE MATH
"P.J."s
(Ken: Penn Jillette, for example.)
HEGEL
WITH CREAM CHEESE
    $400 23
Lake Erie

Sam
    $400 26
Rocky

Andrew
    $400 6
lowest common denominator

Sam
    $400 30
petroleum jelly

Amy
    $400 29
(Sam: May I possibly have the most final clue that you have, Ken?)
(Ken: You know what, Sam, I will accommodate you.)
[Laughter]
(Sam: Thank you.)

the French Revolution

Sam
    $400 24
red velvet cake

Amy
    $800 22
(Amy: What is the, uh, Gulf of Baja?)

the Gulf of California

AmySam
    $800 21
(Sam: What is A Few Good Men?)
(Andrew: What is Full Metal Jacket?)

Platoon

AndrewSam
Triple Stumper
    $800 5
10

Sam
    $800 27
pepper jack

Amy
    $800 28
Kant

Amy
    $800 25
(Sam: What is [*] brand?)

Philadelphia

Sam
    $2,000 1
the Bering Sea

Sam
    $1200 20
Get Out

Amy
    $1200 2
symmetry

Sam
    $1200 9
(Sam: Who is [*]? What is [*]?)
(Ken: Yeah, those are questions.)
...
(Sam: Let's do BODIES OF WA--Let's do...)

Pope Joan

Sam
    $1200 19
the owl

Amy
    $1200 18
enchilada

Andrew
    $1600 11
the Strait of Malacca

Amy
    $3,000 10
CODA

Sam
    $1600 3
hypotenuse

Amy
    $1600 7
(Andrew: Who is Johnson?)
...
(Ken: Given the category, we needed the full name, Andrew.)

Philip Johnson

Andrew
Triple Stumper
    $1600 13
Leonore

Andrew
    $1600 14
(Sam: Is it a spring--what is a spring plate? Spring pan?)

a springform pan

AndrewSam
    $2000 12
the Gulf of Guinea

Andrew
    $2000 16
Dunkirk

Amy
    $2000 4
conic sections

Andrew
    $2000 8
poetic justice

Triple Stumper
    $2000 17
dialectic

Andrew
    $2000 15
(Sam: What is dill?)
(Ken: No.)
(Sam: Oh!)

chervil

Sam
Triple Stumper

Scores at the end of the Double Jeopardy! Round:

Amy Andrew Sam
$15,600 $14,200 $8,000

[wagering suggestions for these scores]

Final Jeopardy! Round responses

PLAYS
(Ken: [To Andrew] Yes, that's the name of the play that Abraham Lincoln saw on the night of his assassination--Our Mutual Friend is a Dickens novel.)
...
[Cheers and applause after Amy's wager is revealed]
(Ken: Amy Schneider, that's your third win; you won our $250,000 grand prize.)
SamWhat is "Our Mutual Friend"?
$8,000
AndrewWhat is Our American Cousin?
$2,801
AmyWhat is Our American Cousin?
$13,000
Our American Cousin

Final scores:

Amy Andrew Sam
$28,600 $17,001 $0
Winner: $250,000 2nd place: $100,000 3rd place: $50,000

Game dynamics:

Coryat scores:

Amy Andrew Sam
$15,600 $14,200 $8,400
19 R,
1 W
17 R,
2 W
19 R
(including 2 DDs),
6 W
(including 1 DD)

Combined Coryat: $38,200

[game clues] [game scores] [suggest correction]

Game tape date: 2022-09-22
The J! Archive is created by fans, for fans. Scraping, republication, monetization, and malicious use prohibited; this site may use cookies and collect identifying information. See terms. The Jeopardy! game show and all elements thereof, including but not limited to copyright and trademark thereto, are the property of Jeopardy Productions, Inc. and are protected under law. This website is not affiliated with, sponsored by, or operated by Jeopardy Productions, Inc. Join the discussion at JBoard.tv.